|
|
|
|
| LEADER |
00000nab a2200000uu 4500 |
| 001 |
vtls011460861 |
| 003 |
SK-MaSNL |
| 005 |
20260303185919.0 |
| 008 |
230222|1975 xo |||||||||||||||||slo| |
| 015 |
|
|
|a SNBRB
|
| 035 |
|
|
|a (urnnbn)urn:nbn:sk:snk:ar-a0actk
|
| 035 |
|
|
|a (uuid)bc03a552-5a2b-4bcf-ba13-25e455ff225b
|
| 035 |
|
|
|a urn:nbn:sk:snk-abcuo4
|
| 040 |
|
|
|a SNKBUCL
|b slo
|c SNKBUCL
|e AACR2
|
| 041 |
0 |
|
|a slo
|
| 044 |
|
|
|a xo
|c SK
|
| 100 |
1 |
|
|a Kittler, Richard,
|d 1930-2023
|4 aut
|9 92170
|
| 245 |
1 |
0 |
|a Všeobecné typy životného prostredia človeka na vyspelom stupni divošstva
|c Richard Kittler
|
| 773 |
0 |
|
|t Životné prostredie : revue pre teóriu a starostlivosť o životné prostredie
|g Roč. 9, č. 4 (1975), s. 200-205
|
| 954 |
|
|
|a odborná, vedecká literatúra pôvodná (slovenská)
|2 lita
|
| 958 |
|
|
|a OND
|
| 958 |
|
|
|a EUIPO
|
| 958 |
|
|
|a article16
|
| 999 |
|
|
|c 2133645
|d 2135575
|